El juego en la escuela
Sparad:
| Huvudupphovsman: | |
|---|---|
| Materialtyp: | Bok |
| Språk: | spanska |
| Publicerad: |
Ciudad de México
Paidós
2002
|
| Serie: | Maestros y Enseñanza, 10
|
| Ämnen: | |
| Taggar: |
Lägg till en tagg
Inga taggar, Lägg till första taggen!
|
MARC
| LEADER | 00000nam a2200000 a 4500 | ||
|---|---|---|---|
| 001 | UCL4899 | ||
| 003 | CL-VaPUC | ||
| 008 | 040227e20020000MX |||||||||||||||||spa|d | ||
| 020 | |a 9688534862 | ||
| 082 | 0 | 4 | |a 371.337 |b CHA |2 21 |
| 100 | 0 | |a Chapela Mendoza, Luz María |e author |9 482610 | |
| 245 | 1 | 3 | |a El juego en la escuela |
| 300 | |a 117 p | ||
| 942 | |c BK | ||
| 945 | |d 20040227 00:00:00 |a cmena | ||
| 260 | |a Ciudad de México |b Paidós |c 2002 | ||
| 650 | 0 | |a Juegos educativos |9 307366 | |
| 650 | 0 | |a Métodos de enseñanza |9 270413 | |
| 583 | |a last modification |c 20040227 00:00:00 |k Rodrigo Vera | ||
| 490 | 0 | |a Maestros y Enseñanza, 10 | |
| 999 | |c 307654 |d 307652 | ||
| 952 | |0 0 |1 0 |4 0 |6 371_337000000000000_CHA_2002 |7 0 |8 A |9 373703 |a BIBEDU |b BIBEDU |d 2019-11-21 |i 3986748 |l 1 |m 1 |o 371.337 CHA 2002 |p 3986748 |q 2025-05-12 |r 2025-04-29 |s 2025-04-29 |w 2019-11-21 |y BK |k EBA | ||